Most expensive departures from FC Bayern Munich - Statistics

General Stats
  • This quiz has been taken 127 times
    42 since last reset
  • The average score is 7 of 15
Answer Stats
Hint Answer % Correct
3 Robert Lewandowski
86%
7 Mats Hummels
67%
1 Mathijs De Ligt
64%
2 Lucas Hernandez
61%
13 Mario Götze
61%
8 Sadio Mane
47%
12 Thiago
47%
10 Toni Kroos
47%
4 Douglas Costa
44%
6 Benjamin Pavard
36%
5 Ryan Gravenberch
33%
14 Mario Mandzukic
28%
15 Renato Sanches
19%
9 Joshua Zirkzee
17%
11 Owen Hargreaves
14%
No matching quizzes found
Score Distribution
Percent of People with Each Score
Percentile by Number Answered
Your Score History
You have not taken this quiz since the last reset